LEGO Series 7 Minifigures by Picture - Statistics

General Stats
  • This quiz has been taken 14 times
  • The average score is 9 of 16
Answer Stats
Picture Answer % Correct
Bunny Suit Guy
75%
Evil Knight
75%
Hippie
75%
Aztec Warrior
63%
Bride
63%
Jungle Boy
63%
Swimming Champion
63%
Tennis Ace
63%
Viking Woman
63%
Bagpiper
50%
Daredevil
50%
Galaxy Patrol
50%
Grandma Visitor
50%
Ocean King
50%
Computer Programmer
38%
Rocker Girl
25%
No matching quizzes found
Score Distribution
Percent of People with Each Score
Percentile by Number Answered
Your Score History
You have not taken this quiz